Filmmaking : (Record no. 26901)
[ view plain ]
| 000 -LEADER | |
|---|---|
| fixed length control field | 03575cam a2200337 i 4500 |
| 001 - CONTROL NUMBER | |
| control field | 16748381 |
| 003 - CONTROL NUMBER IDENTIFIER | |
| control field | EG-ScBUE |
| 005 - DATE AND TIME OF LATEST TRANSACTION | |
| control field | 20230314110152.0 |
| 008 - FIXED-LENGTH DATA ELEMENTS--GENERAL INFORMATION | |
| fixed length control field | 110423s2013 maua f 001 0 eng d |
| 020 ## - INTERNATIONAL STANDARD BOOK NUMBER | |
| International Standard Book Number | 9780240817002 |
| 020 ## - INTERNATIONAL STANDARD BOOK NUMBER | |
| International Standard Book Number | 0240817001 |
| 035 ## - SYSTEM CONTROL NUMBER | |
| System control number | (OCoLC)ocn657600316 |
| 040 ## - CATALOGING SOURCE | |
| Original cataloging agency | UKM |
| Language of cataloging | eng |
| Description conventions | rda |
| Transcribing agency | UKM |
| Modifying agency | BTCTA |
| -- | YDXCP |
| -- | JQQ |
| -- | BWX |
| -- | MHH |
| -- | CDX |
| -- | DLC |
| -- | EG-ScBUE |
| 082 04 - DEWEY DECIMAL CLASSIFICATION NUMBER | |
| Classification number | 791.430233 |
| Item number | TOM |
| Edition number | 22 |
| 100 1# - MAIN ENTRY--PERSONAL NAME | |
| Personal name | Tomaric, Jason J., |
| Dates associated with a name | 1976- |
| Relator term | author. |
| 9 (RLIN) | 41838 |
| 245 10 - TITLE STATEMENT | |
| Title | Filmmaking : |
| Remainder of title | direct your movie from script to screen using proven Hollywood techniques / |
| Statement of responsibility, etc | by Jason J. Tomaric. |
| 264 #1 - PUBLICATION, DISTRIBUTION, ETC. (IMPRINT) | |
| Place of publication, distribution, etc | Burlington, MA ; |
| -- | Oxon : |
| Name of publisher, distributor, etc | Focal Press / Taylor & Francis Group, |
| Date of publication, distribution, etc | 2013. |
| 300 ## - PHYSICAL DESCRIPTION | |
| Extent | xii, 520 pages : |
| Other physical details | illustrations ; |
| Dimensions | 23 cm |
| 336 ## - CONTENT TYPE | |
| Source | rdacontent |
| Content type term | text |
| Content type code | txt |
| 337 ## - MEDIA TYPE | |
| Source | rdamedia |
| Media type term | unmediated |
| Media type code | n |
| 338 ## - CARRIER TYPE | |
| Source | rdacarrier |
| Carrier type term | volume |
| Carrier type code | nc |
| 500 ## - GENERAL NOTE | |
| General note | Includes index. |
| 505 0# - FORMATTED CONTENTS NOTE | |
| Formatted contents note | Table of Contents -- DEVELOPMENT -- Chapter 1: The Script -- PRE-PRODUCTION -- Chapter 2: Pre-Production -- Chapter 3: Budgeting -- Chapter 4: Scheduling -- Chapter 5: Insurance -- Chapter 6: Locations -- Chapter 7: Auditioning Actors -- Chapter 8: The Crew -- Chapter 9: Unions & Guilds -- Chapter 10: Equipment -- Chapter 11: Production Design -- PRODUCTION -- Chapter 12: Production -- Chapter 13: Acting -- Chapter 14: Directing -- Chapter 15: Cinematography --<br/>Chapter 16: Audio Recording -- Chapter 17: Hair & Make-Up --<br/>Chapter 18: Craft Services & Catering -- POST-PRODUCTION -- Chapter 19: Editing -- Chapter 20: Digital Effects -- Chapter 21: Post-Production Audio -- Chapter 22: Music --<br/>MARKETING -- Chapter 23: Distribution -- Index. |
| 520 ## - SUMMARY, ETC. | |
| Summary, etc | Filmmaking, the definitive resource for filmmakers, blows the doors off the secretive film industry and shows you how to adapt the Hollywood-system for your production. Full of thousands of tips, tricks, and techniques from Emmy-winning director Jason Tomaric, Filmmaking systematically takes you through every step of how to produce a successful movie - from developing a marketable idea through selling your completed movie. Whether you're on a budget of $500 or $50,000,000, Filmmaking reveals some of Hollywood's best-kept secrets. Make your movie and do it right. The companion site includes: Over 30-minutes of high-quality video tutorials featuring over a dozen working Hollywood professionals Industry-standard forms and contracts you can use for your production Sample scripts, storyboards, schedules, call sheets, contracts, letters from the producer, camera logs and press kits 45-minute video that takes you inside the movie that launched Jason's career. 3,000 extras, 48 locations, 650 visual effects, and all made from his parent's basement for $25,000. Filmmaking, the definitive resource for filmmakers, blows the doors off the secretive film industry and shows you how to adapt the Hollywood-system for your production. Full of thousands of tips, tricks, and techniques from Emmy-winning director Jason Tomaric, Filmmaking systematically takes you through every step of how to produce a successful movie - from developing a marketable idea through selling your completed movie. Whether you're on a budget of $500 or $50,000,000, Filmmaking reveals some of Hollywood's best-kept secrets. Make your movie and do it right. |
| 650 #7 - SUBJECT ADDED ENTRY--TOPICAL TERM | |
| Topical term or geographic name as entry element | Motion pictures |
| General subdivision | Production and direction. |
| Source of heading or term | BUEsh |
| 9 (RLIN) | 39027 |
| 651 ## - SUBJECT ADDED ENTRY--GEOGRAPHIC NAME | |
| Source of heading or term | BUEsh |
| 653 ## - INDEX TERM--UNCONTROLLED | |
| Resource For college | Communication and mass media |
| Arrived date list | October2018 |
| 655 ## - INDEX TERM--GENRE/FORM | |
| Form subdivision | Text book |
| 942 ## - ADDED ENTRY ELEMENTS (KOHA) | |
| Source of classification or shelving scheme | Dewey Decimal Classification |
| Koha item type | Book - Borrowing |
| Withdrawn status | Lost status | Source of classification or shelving scheme | Damaged status | Not for loan | Collection code | Home library | Current library | Shelving location | Date acquired | Source of acquisition | Cost, normal purchase price | Total Checkouts | Full call number | Barcode | Date last seen | Koha item type | Total Renewals | Checked out | Date checked out | Price effective from |
|---|---|---|---|---|---|---|---|---|---|---|---|---|---|---|---|---|---|---|---|---|
| Dewey Decimal Classification | Baccah | Central Library | Central Library | Second Floor | 29/10/2018 | Purchase | 650.00 | 791.430233 TOM | 000043670 | 15/07/2025 | NB - Book (Non borrowing) | |||||||||
| Dewey Decimal Classification | Baccah | Central Library | Central Library | Second Floor | 29/10/2018 | Purchase | 1 | 791.430233 TOM | 000043671 | 16/03/2026 | Book - Borrowing | 1 | 31/03/2026 | 16/03/2026 | 29/10/2018 | |||||
| Dewey Decimal Classification | Baccah | Central Library | Central Library | Second Floor | 29/10/2018 | Purchase | 2 | 791.430233 TOM | 000043672 | 19/11/2025 | Book - Borrowing | 51 | 17/05/2026 | 19/11/2025 | 29/10/2018 | |||||
| Dewey Decimal Classification | Baccah | Central Library | Central Library | Second Floor | 29/10/2018 | Purchase | 4 | 791.430233 TOM | 000043673 | 15/07/2025 | Book - Borrowing | 38 | 26/09/2022 | 29/10/2018 |